Movies Quiz

Random Movies Quiz

Back to the Future Characters By Picture Quiz Stats

 Plays Quiz Updated Oct 21, 2015

Score 0/20 Timer 06:00
0 Plays Today
% Correct
Marty McFly
99.4%
Doc Brown
91%
Biff Tannen
88.8%
George McFly
79.7%
Einstein
79.2%
Jennifer Parker
70.1%
DeLorean
66.8%
Lorraine Baines
62.6%
Marvin Berry
60.5%
Buford 'Mad Dog' Tannen
47.7%
% Correct
Principal Strickland
45.5%
Griff
45.5%
Goldie Wilson
44.9%
The Libyans!
44.5%
Clara Clayton
39.4%
Needles
36.2%
Seamus McFly
33.6%
Dave McFly
26.5%
Maggie McFly
17.9%
Linda McFly
16.7%

You're not logged in!

Compare scores with friends on all Sporcle quizzes.
OR
Log In

Show Comments

Extras

Top Quizzes Today


Score Distribution

Your Account Isn't Verified!

In order to create a playlist on Sporcle, you need to verify the email address you used during registration. Go to your Sporcle Settings to finish the process.

Report this User

Report this user for behavior that violates our Community Guidelines.

Details: